Integrated child development services: an evaluation (Record no. 355265)

000 -LEADER
fixed length control field 00365cam a22001217a 4500
008 - FIXED-LENGTH DATA ELEMENTS--GENERAL INFORMATION
fixed length control field 180718b1988 xxu||||| |||| 00| 0 eng d
082 ## - DEWEY DECIMAL CLASSIFICATION NUMBER
Classification number Q43x5444 T17
100 ## - MAIN ENTRY--PERSONAL NAME
Personal name Tara, S. Nayana
245 ## - TITLE STATEMENT
Title Integrated child development services: an evaluation
Statement of responsibility, etc. by S. Nayana Tara
260 ## - PUBLICATION, DISTRIBUTION, ETC.
Place of publication, distribution, etc. Delhi
Name of publisher, distributor, etc. Ashish
Date of publication, distribution, etc. 1988
300 ## - PHYSICAL DESCRIPTION
Extent 92p.
650 ## - SUBJECT ADDED ENTRY--TOPICAL TERM
Topical term or geographic name entry element Child welfare - India - Karnataka
Holdings
Withdrawn status Lost status Damaged status Not for loan Permanent Location Current Location Date acquired Full call number Barcode Date last seen Price effective from Koha item type
        Indian Institute of Public Administration Indian Institute of Public Administration 1993-12-17 Q43x5444 T17 64045 2018-07-21 2018-07-21 Book

Powered by Koha